Indian paper money : (Record no. 165596)

MARC details
000 -LEADER
fixed length control field 00475nam a2200169 4500
005 - DATE AND TIME OF LATEST TRANSACTION
control field 20220215153554.0
010 ## - LCCN (DPL NO)
LC control number ENG-125731
020 ## - INTERNATIONAL STANDARD BOOK NUMBER
Terms of availability 850.00
035 ## - SYSTEM CONTROL NUMBER
System control number EN-109263
037 ## - SOURCE OF ACQUISITION
Source of stock number/acquisition DBAD/PUB
082 ## - DEWEY DECIMAL CLASSIFICATION NUMBER
Classification number 332.420
245 ## - TITLE STATEMENT
Title Indian paper money :
Remainder of title guide book 2019-20
260 ## - PUBLICATION, DISTRIBUTION, ETC. (IMPRINT)
Place of publication, distribution, etc Kolkata
Name of publisher, distributor, etc Philatelia
Date of publication, distribution, etc 2018
270 ## - ADDRESS
Address One Moti Sil Street
City Kolkata
Postal code 700013
Telephone number 22288549/8888
300 ## - PHYSICAL DESCRIPTION
Extent 451p;
Dimensions 22cm(Hb)
Other physical details ill.
942 ## - ADDED ENTRY ELEMENTS (KOHA)
Source of classification or shelving scheme Dewey Decimal Classification
Item type English Books
Classification part 332.420
Call number suffix IND
Holdings
Withdrawn status Lost status Not for loan Collection code Home library Current library Date acquired Source of acquisition Cost, normal purchase price Full call number Barcode Copy number Cost, replacement price Koha item type
      Non-fiction Ashok Vihar Ashok Vihar 24/06/2019 DBAD/PUB 850.00 332.420 IND EN-109263 1 850.00 English Books

© Delhi Public Library
Hit Counter
free hit counter